00580nam a2200169Ia 4500008004000000020001800040082001600058100002100074245006800095260004300163300000800206650002400214690001800238906001100256999001700267952012600284210210b1988 xxu||||| |||| 00| 0 eng d a81 7050 067 2 a303.62 DANG aDANG (Satyapal). aGenesis of terrorism: an analytical study of Punjab terrorists. aNew Delhi.bPatriot Publishers.,c1988 a148 aPunjab Terrorists  aSocial Change a044198 c93709d93709 001040708SociologyaALbALcSociologyd2021-02-17g100.00l0o303.62 DANGp044198r2021-02-17 00:00:00w2021-02-17yBK